000
00350nam a22001337a 4500
003
SGT
020
_a
9789352667536
082
_a
200
_b
Y18S
100
_a
शर्मा, हेमंत
245
_a
युद्ध में अयोध्या
260
_b
प्रभात प्रकाशन
_c
2018
300
_a
479
942
_2
ddc
_c
BK
999
_c
31740
_d
31740